000
00314nam a2200121Ia 4500
008
240719s9999 xx 000 0 und d
041
_a
eng
082
_a
823 AMI
100
_a
Amish, Tripathi
245
_a
The Secret Of The Nagas The Shiva Trilogy 2
260
_a
New Delhi
_b
Wiely
_c
2011
300
_a
372.; P. 22 Cm
999
_c
41299
_d
41299